Metric pattern cutting for menswear

Enregistré dans:
Détails bibliographiques
Auteur principal:  Aldrich, Winifred
Format: Sách
Langue:Undetermined
Publié:  John Wiley  2011
Sujets:
Tags: Ajouter un tag
Pas de tags, Soyez le premier à ajouter un tag!
Thư viện lưu trữ: Trung tâm Thư viện - Trường Đại học Công nghiệp TP. Hồ Chí Minh
LEADER 00478nam a2200157Ia 4500
001 UIH_04121
008 231011s9999 xx 000 0 und d
082 |a  646.4072 
100 |a  Aldrich, Winifred 
245 0 |a  Metric pattern cutting for menswear 
245 0 |c  Aldrich, Winifred 
260 |b  John Wiley 
260 |c  2011 
650 |a  Trang phục nam;  
927 |a Sách 
980 |a Trung tâm Thư viện - Trường Đại học Công nghiệp TP. Hồ Chí Minh